000
00324nam a2200121Ia 4500
008
220204s9999 xx 000 0 und d
020
_a
8187374233
082
_a
339.52:63(540)
_b
BAG;4
100
_a
Bagchi, Jayanta
245
0
_a
Agriculture and WTO opportunity for India
260
_a
New Delhi
_b
Samskriti;2003
942
_c
BK
999
_c
42175
_d
42175